Naciones europeas más pobladas por siglo - Estadísticas

Estadísticas generales
  • Esta prueba ha sido intentada 132 veces
  • La puntuación promedio es 38 de 75
Estadísticas de respuestas
año pp (M) Respuesta % Correcto
1900 57 Alemania
98%
2000 82 Alemania
98%
900 4.9 Francia Occidental
97%
1800 30 Imperio Ruso
97%
1900 133 Imperio Ruso
97%
1000 5.5 Francia
96%
1100 7 Francia
96%
1300 13 Francia
96%
1400 8.3 Francia
96%
1500 13 Francia
96%
1600 16 Francia
96%
1700 21 Francia
96%
1800 34 Francia
96%
2000 61 Francia
96%
1700 14 Rusia
96%
2000 147 Rusia
96%
1 43 Imperio Romano
89%
100 50 Imperio Romano
89%
200 53 Imperio Romano
89%
300 31 Imperio Romano de Occidente
89%
400 28 Imperio Romano de Occidente
89%
-200 6.5 Roma
77%
-100 16 Roma
77%
1200 9.2 Imperio Angevino
70%
1900 45 Austria-Hungría
66%
1500 9.0 Imperio Otomano
64%
1600 28 Imperio Otomano
64%
1700 24 Imperio Otomano
64%
1800 24 Imperio Otomano
64%
1400 6.8 Polonia-Lituania
61%
300 17 Imperio Romano de Oriente
45%
400 17 Imperio Romano de Oriente
45%
500 18 Imperio Bizantino
42%
600 17 Imperio Bizantino
42%
700 9.1 Imperio Bizantino
42%
800 7.4 Imperio Bizantino
42%
900 8.5 Imperio Bizantino
42%
1000 11 Imperio Bizantino
42%
1100 6.9 Imperio Bizantino
42%
1200 9.1 Imperio Bizantino
42%
900 4.7 Francia Oriental
35%
1000 9.6 Sacro Imperio Romano
35%
1100 12 Sacro Imperio Romano
35%
1200 16 Sacro Imperio Romano
35%
1300 17 Sacro Imperio Romano
35%
1400 13 Sacro Imperio Romano
35%
1500 17 Sacro Imperio Romano
35%
1600 20 Sacro Imperio Romano
35%
800 13 Imperio Franco
31%
600 6.4 Reinos Francos
31%
700 6.6 Reinos Francos
31%
500 3.6 Reino Visigodo
31%
600 3.9 Reino Visigodo
31%
700 4.0 Reino Visigodo
31%
1300 7.3 Horda de Oro
22%
-400 14 Imperio Aqueménida
19%
-100 3.7 Pueblos germánicos
18%
1 4.5 Pueblos germánicos
18%
100 4.9 Pueblos germánicos
18%
200 5.4 Pueblos germánicos
18%
300 5.3 Pueblos germánicos
18%
400 5.3 Pueblos germánicos
18%
500 6.2 Reino Ostrogodo
18%
800 3.4 Emirato de Córdoba
15%
-400 3.0 Galos
13%
-300 3.5 Galos
13%
-100 4.5 Galos
13%
-400 3.3 Íberos
11%
-300 3.9 Íberos
11%
-200 4.3 Íberos
11%
1 2.4 Escitas
6%
100 2.5 Escitas
6%
200 2.7 Escitas
6%
-200 10 Imperio Seléucida
5%
-300 3.0 Antígono
4%
No se encontraron pruebas coincidentes
Distribución de puntuación
Porcentaje de gente con cada puntuación
Porcentaje por número respondido
Historial de tus puntuaciones
No has intentado esta prueba.